000 00287nam a22001337a 4500
008 170207b xxu||||| |||| 00| 0 eng d
020 _a0878573968
041 _aeng
080 _a61
100 _a3
101 _aSHN
245 _aNATURAL HOME REMEDIES
_cMARK BRICKLIN
942 _2udc
_cBK
999 _c4780
_d4780